000
00324nam a22001457a 4500
003
OSt
005
20220407101244.0
008
211231b |||||||| |||| 00| 0 eng d
020
_a
1928994504
040
_c
HU
082
_a
006.7882
100
_a
Net
_9
24400
245
_a
C Net Web Developers Guide
942
_2
ddc
_c
BOOKS
_n
0
999
_c
25565
_d
25565